000
00299nam a2200133 a 4500
001
5603
003
CDMR
005
20130724115357.0
008
130130s1973||||||||||||||||||||||||||||d
040
_a
CDMR
_b
cat
_c
CPC GIRONA
245
0
_a
TeorĂa de la imagen
260
_c
1973
_b
Salvat
942
_c
MON
_2
udc
999
_c
5603
_d
5603